| 000 | 00537nam a22001937a 4500 | ||
|---|---|---|---|
| 003 | KOHA_MİRAKIL | ||
| 005 | 20251014141611.0 | ||
| 008 | 251014b tu ||||| |||| 00| 0 tur d | ||
| 020 | _a9786057639479 | ||
| 040 |
_aTR-AnABB _btur _cTR-AnABB |
||
| 041 | _atur | ||
| 082 |
_a859.332 _bREB 2021 |
||
| 100 | 1 | _aRebreanu, Liviu, | |
| 245 | 1 | 0 |
_aAsılmışlar ormanı / _cLiviu Rebreanu |
| 260 |
_aİstanbul : _bDedalus Kitap, _c2021 |
||
| 300 |
_a352 sayfa ; _c20 cm |
||
| 650 | 0 | 4 | _aRomanya edebiyatı, roman |
| 942 |
_2ddc _cBK |
||
| 999 |
_c9144 _d9144 |
||
| 900 | _bGizem YORULMAZ | ||